Linkin Park- Minutes to Midnight - Statistiques

Statistiques générales
  • Ce quiz a été pris 46 fois
  • Le résultat moyen est 8 sur 12
Statistiques - réponses
Hint Réponse % Correct
06 What I've Done
92%
02 Given Up
83%
05 Shadow of the Day
83%
04 Bleed it Out
78%
03 Leave Out All the Rest
75%
09 Valentine's Day
69%
08 No More Sorrow
67%
11 In Pieces
64%
01 Wake
58%
12 The Little Things Give You Away
56%
10 In Between
53%
07 Hands Held High
42%
Aucun quiz correspondant
Distribution des résultats
% des personnes avec chaque résultat
Percentile par nombre de réponses
Votre historique - résultats
Vous n’avez pas pris ce quiz